Οικονομικός και κοινωνικός άτλας της Ελλάδος = Economic and social atlas of Greece = Atlas economique et social de Grece
Αποθηκεύτηκε σε:
| Συλλογικό Έργο: | , |
|---|---|
| Μορφή: | Βιβλίο |
| Γλώσσα: | Greek |
| Δημοσίευση: |
Αθήνα :
Εθνική Στατιστική Υπηρεσία της Ελλάδος; Κέντρον Οικονομικών Ερευνών; Κέντρον Κοινωνικών Επιστημών Αθηνών,
1964
|
| Θέματα: | |
| Ετικέτες: |
Προσθήκη ετικέτας
Δεν υπάρχουν, Καταχωρήστε ετικέτα πρώτοι!
|
MARC
| LEADER | 00000cam a2200000 i 4500 | ||
|---|---|---|---|
| 001 | 1/61414 | ||
| 008 | 040921s1964 gre d | ||
| 035 | |l 10074469 | ||
| 040 | |a GR-MY-UA |b gre |e aacr | ||
| 041 | 0 | |a gre | |
| 082 | 0 | |a 304.609495 |2 (21) | |
| 110 | 2 | |a Εθνική Στατιστική Υπηρεσία της Ελλάδος. | |
| 245 | 1 | 0 | |a Οικονομικός και κοινωνικός άτλας της Ελλάδος = |b Economic and social atlas of Greece = Atlas economique et social de Grece / |c Εθνική Στατιστική Υπηρεσία της Ελλάδος ; Κέντρον Οικονομικών Ερευνών ; Κέντρον Κοινωνικών Επιστημών Αθηνών |
| 260 | |a Αθήνα : |b Εθνική Στατιστική Υπηρεσία της Ελλάδος; Κέντρον Οικονομικών Ερευνών; Κέντρον Κοινωνικών Επιστημών Αθηνών, |c 1964 | ||
| 300 | |b χαρτ. | ||
| 651 | 0 | |a Greece |x Economic conditions |y 1918- |x Maps. | |
| 651 | 0 | |a Greece |x Social conditions |x Maps. | |
| 710 | 2 | |a Κέντρο Προγραμματισμού και Οικονομικών Ερευνών. | |
| 852 | |a INST |b LESVOS |e 20040921 |h 304.609495 ΕΘΝ |p 005100030406 |q 005100030406 |t REF |y 23 | ||
| 901 | |a BIBL1-2004-3 | ||
| 909 | |a Λ |b 042722 | ||
| 970 | |a ΤΖΑΦΕΡΗ |b ΕΥΑΓΓΕΛΙΑ |z 2004/09/21 | ||